Heartbreak Weather BY Niall Horan (all lyrics) - Statistics

General Stats
  • This quiz has been taken 13 times
  • The average score is 257 of 349
Answer Stats
Answer % Correct
a
100%
all
100%
be
100%
been
100%
by
100%
i
100%
in
100%
it
100%
i've
100%
ive
100%
life
100%
my
100%
of
100%
the
100%
this
100%
to
100%
we
100%
you
100%
your
100%
and
83%
felt
83%
heartbreak
83%
me
83%
saw
83%
there
83%
was
83%
way
83%
weather
83%
when
83%
are
67%
around
67%
away
67%
but
67%
can
67%
city
67%
coming
67%
different
67%
eyes
67%
feels
67%
finding
67%
fire
67%
from
67%
hotel
67%
lightning
67%
lonely
67%
myself
67%
reasons
67%
room
67%
smiling
67%
so
67%
starting
67%
stay
67%
swear
67%
turn
67%
want
67%
what
67%
where
67%
with
67%
bars
50%
better
50%
couldnt
50%
dancing
50%
driving
50%
get
50%
has
50%
its
50%
just
50%
moment
50%
running
50%
silence
50%
sleep
50%
telling
50%
thinking
50%
walk
50%
were
50%
while
50%
wont
50%
yeah
50%
youre
50%
blinded
33%
Bruno
33%
close
33%
clouds
33%
dark
33%
empty
33%
havent
33%
hearts
33%
holding
33%
lately
33%
lifted
33%
living
33%
missing
33%
now
33%
reminded
33%
same
33%
sparks
33%
tangled
33%
thats
33%
twisted
33%
up
33%
breaking
17%
look
17%
mirror
17%
vision
17%
body
0%
clothes
0%
magic
0%
moves
0%
off
0%
taking
0%
watching
0%
No matching quizzes found
Score Distribution
Percent of People with Each Score
Percentile by Number Answered
Your Score History
You have not taken this quiz